History and development of forestry and forest industries in Malaysia : (A bibliography)

Bibliographic Details
Main Author: MENON
Corporate Author: Institut Penyelidikan Perhutanan Malaysia (FRIM)
Format: Book
Published: Kuala Lumpur : Forest Research Institute , 1976
Series:F. R. I. bibliographies; no. 4
Subjects:

MARC

LEADER 00000cam a2200000 7i4500
001 0000001268
005 20011101.0
090 0 0 |a 016.3381749   |b MEN 1976 
100 1 0 |a MENON   |h K. P. V. 
245 1 0 |a History and development of forestry and forest industries in Malaysia :   |b (A bibliography)   |c compiled by K. P. V. Menon 
260 0 0 |a Kuala Lumpur :   |b Forest Research Institute ,   |c 1976 
300 |a 62 p. :   |b ill. ;   |c 25 cm. 
440 0 0 |a F. R. I. bibliographies; no. 4 
650 0 0 |a Forests and forestry   |z Malaysia   |x Bibliography 
710 1 1 |a Institut Penyelidikan Perhutanan Malaysia (FRIM) 
998 |a JPSM 
999 |a 0000002178   |b Monograph   |c Open Shelf   |e Default branch 
999 |a 0000002179   |b Monograph   |c Open Shelf   |e Default branch 
999 |a 0000002205   |b Monograph   |c Food and Agriculture Organization   |e Default branch 
999 |a 0000002224   |b Monograph   |c Open Shelf   |e Default branch 
999 |a 0000002648   |b Monograph   |c Open Shelf   |e Default branch 
999 |a 0000002992   |b Monograph   |c Open Shelf   |e Default branch